[Event "US op Barber 122nd"]
[Site "Rancho Mirage"]
[Date "2022.08.02"]
[Round "6"]
[White "Nandhakumar, Vaseegaran"]
[Black "Hardaway, Brewington"]
[Result "0-1"]
[WhiteElo "1909"]
[BlackElo "2166"]
[PlyCount "172"]
[EventDate "2022.07.30"]
[EventType "swiss"]
[EventRounds "6"]
[EventCountry "USA"]
[SourceTitle "CBM 209 Extra"]
[Source "ChessBase"]
[SourceDate "2022.09.30"]
[SourceVersion "1"]
[SourceVersionDate "2022.09.30"]
[SourceQuality "1"]

1. d4 Nf6 2. Nf3 e6 3. g3 d5 4. Bg2 Be7 5. 0-0 0-0 6. b3 Nbd7 7. Bb2 c6 8. c4 b6 9. Nc3 Ba6 10. Nd2 b5 11. e4 bxc4 12. e5 Ne8 13. bxc4 Nb6 14. Re1 Nxc4 15. Nxc4 Bxc4 16. f4 Qa5 17. Qc2 Rb8 18. Bc1 Nc7 19. Bd2 Qb6 20. Rad1 Qb2 21. Qa4 Qb6 22. Qc2 Qb2 23. Qa4 Bb4 24. Nb1 c5 25. Bxb4 Qxb4 26. Qxa7 Na6 27. a3 Qb5 28. Qe7 Bb3 29. Rc1 Rb7 30. Qh4 Qd3 31. f5 Qxf5 32. dxc5 Bc2 33. Nd2 Nxc5 34. Rf1 Qg6 35. Qd4 Nd7 36. Rf3 Bf5 37. Rfc3 Qg4 38. Qxg4 Bxg4 39. Rc7 Rxc7 40. Rxc7 Nxe5 41. Bf1 Ra8 42. a4 Kf8 43. Bb5 Bd1 44. Rc1 Bxa4 45. Ra1 Bxb5 46. Rxa8+ Ke7 47. Nb3 Bc4 48. Nd4 Nd7 49. Kf2 g6 50. Nc6+ Kd6 51. Nd8 Ke7 52. Nc6+ Kd6 53. Nd8 f6 54. Nb7+ Ke7 55. Na5 Bb5 56. Ra7 e5 57. Rb7 Ba6 58. Ra7 Bb5 59. Rb7 Ba4 60. Rb4 Nc5 61. Ke2 Bd7 62. Nb3 Ne6 63. Rb6 d4 64. Kd2 h5 65. Rb8 Ng5 66. Rb7 Kd6 67. Ke2 Ne4 68. Rb8 Bb5+ 69. Ke1 Bd7 70. Nc1 Ng5 71. Rb6+ Bc6 72. Kf2 Kc7 73. Rb2 Ne4+ 74. Ke1 Nc5 75. Rb4 g5 76. Kd2 Ne4+ 77. Ke1 Nc5 78. Kd2 Kd6 79. Rb8 e4 80. Rh8 e3+ 81. Ke1 Ke5 82. Rc8 Kd6 83. Rh8 Bd7 84. Rxh5 d3 85. h3 d2+ 86. Kd1 Ba4+ 0-1